Statistiken für Die größten Städte Deutschlands mit A

Klicken Sie hier um das Quiz zu spielen!

Allgemein

  • Dieses Quiz wurde 414 mal gespielt
  • Das Durchschnittsergebnis liegt bei 5 aus 12

Antwortstatistiken

BundeslandStadt% Korrekt
BayernAugsburg
97%
Nordrhein-WestfallenAachen
93%
Baden-WürttembergAalen
68%
NiedersachsenAurich
35%
ThüringenAltenburg
30%
SachsenAue-Bad Schlema
28%
Rheinland PfalzAndernach
26%
Mecklenburg-VorpommernAnklam
26%
Schleswig-HolsteinAhrensburg
20%
Sachsen-AnhaltAschersleben
18%
HessenAlsfeld
11%
BrandenburgAngermünde
9%

Verteilung der Resultate

Perzentil nach korrekt beantworteten Fragen

Anzahl Personen mit jedem Resultat

Ihre Resultats-Entwicklung

Sie haben dieses Quiz noch nicht gespielt